000 00931pam a2200289 a 4500
999 _c532207
_d532207
001 1951226
003 NUST
005 20191112185854.0
008 871214s1989 nyua b 001 0 eng
010 _a 87034689
020 _a0471812005
038 _aM.Ramzan
040 _aDLC
_cDLC
_dDLC
050 0 0 _aTA706
_b.G65 1989
082 0 0 _a624.15132
_219
_bGOO
100 1 _aGoodman, Richard E.
_925576
245 1 0 _aIntroduction to rock mechanics /
_cRichard E. Goodman.
250 _a2nd ed.
260 _aNew York :
_bWiley,
300 _axiii, 562 p. :
_bill. ;
_c24 cm.
504 _aIncludes bibliographies and index.
650 0 _aRock mechanics.
_923489
856 4 2 _3Publisher description
_uhttp://www.loc.gov/catdir/description/wiley033/87034689.html
856 4 _3Table of Contents
_uhttp://www.loc.gov/catdir/toc/onix04/87034689.html
906 _a7
_bcbc
_corignew
_d1
_eocip
_f19
_gy-gencatlg
942 _2ddc
_cBK